| 000 | 00904cam a22001814a 4500 | ||
|---|---|---|---|
| 005 | 20250605164218.0 | ||
| 008 | 250528s ||||||||||||||||||||||||d | ||
| 035 | _a20532 | ||
| 040 |
_aGR-AtMCL _bgre _dGR-AtMCL _eAACR2 |
||
| 245 | 1 | _aThe Volga Rises in Europe / A Panther Book | |
| 260 | _c1965 | ||
| 300 | _a288 | ||
| 520 | _aAn unforgettable experience, a monumental saga of death and destruction. Foreword, In the Steps of Napoleon, The Crows of Galatz, The Red War, Workers in Uniform, Beyond the Prut, Technology and ''Industrial Ethics'', Look Closely at These Dead, Red Farm, The Steel Horses, Behold the Dniester, The Ukraine and Tomb of the Corn, Ghosts, The Hippopotami of the Dniester, Soviet Battlefield, The Flight of the Dead, The Black Bivouac, God Returns to His House, Dust and Rain. | ||
| 700 | 1 |
_aMalaparte Curzio _96516 |
|
| 942 | _cBK | ||
| 999 |
_c5631 _d5631 |
||